000
00286nam a22001337a 4500
008
171012b xxu||||| |||| 00| 0 eng d
020
_a
013816777-X
041
_a
eng
080
_2
3RD
_a
316
100
_a
50
101
_a
SOC
245
_a
SOCIAL PROBLEMS
_c
JULIAN,J
942
_2
udc
_c
BK
999
_c
33500
_d
33500